LEADER 01054nam--2200361---450- 001 990005786860203316 005 20121205114036.0 010 $a978-88-6036-765-5 035 $a000578686 035 $aUSA01000578686 035 $a(ALEPH)000578686USA01 035 $a000578686 100 $a20121205d2012----km-y0itay50------ba 101 0 $aita 102 $aIT 105 $a||||||||001yy 200 1 $aA vita$ecome e perché nel Partito democratico i figli non riescono a uccidere i padri$fAntonio Funiciello 210 $aRoma$cDonzelli$d2012 215 $aXIX, 199 p.$d17 cm 225 2 $aSaggine$v206 410 0$12001$aSaggine$v206 606 0 $aPartiti di sinistra$2BNCF 676 $a324.217 700 1$aFUNICIELLO,$bAntonio$0516183 801 0$aIT$bsalbc$gISBD 912 $a990005786860203316 951 $aX.3.B. 6676$b239001 L.M.$cX.3.B.$d00317803 959 $aBK 969 $aUMA 979 $aPASSARO$b90$c20121205$lUSA01$h1137 979 $aPASSARO$b90$c20121205$lUSA01$h1140 996 $aA vita$91081411 997 $aUNISA LEADER 04782oam 22006492 450 001 9910737282503321 005 20230912163514.0 010 $a9780429279317 010 $a0429279310 024 8 $ahttps://doi.org/10.4324/9780429279317 035 $a(CKB)4100000010265591 035 $a(OCoLC)1131866591 035 $a(OCoLC-P)1131866591 035 $a(FlBoTFG)9780429279317 035 $a(MiAaPQ)EBC7245135 035 $a(ScCtBLL)1d73f28b-7ff3-4a27-9b22-b3eed031e024 035 $a(Au-PeEL)EBL7245135 035 $a(OCoLC)1250403934 035 $a(EXLCZ)994100000010265591 100 $a20191206d2020 uy 0 101 0 $aeng 135 $aur||||||||||| 181 $ctxt$2rdacontent 182 $cn$2rdamedia 183 $anc$2rdacarrier 200 00$aEurope and the refugee response $ea crisis of values? /$fedited by Elzbieta M. Gozdziak, Izabella Main and Brigitte Suter 205 $a1 ed. 210 1$aNew York :$cRoutledge,$d2020. 215 $a1 online resource 225 1 $aRoutledge studies in development, displacement and resettlement 311 08$a9780367233266 311 08$a0367233266 327 $aEuropean norms and values and the refugee crisis -- Echoes of memories of forced displacement -- Against the expansion of racism -- The Moral Panic Button 1 -- Abolishing asylum and violating the human rights of refugees. Why is it tolerated? -- Between closing borders to refugees and welcoming Ukrainian workers -- Debating deportation detention in Germany -- Integration by contract and the ?values of the Republic? -- Box-ticking exercise or real inclusion? -- Being a ?refuge-city? -- Holding course -- Community-based sponsorship of refugees resettling in the UK -- Crisis and Willkommenskultur -- Cosmopolitanism at the crossroads -- (Un)Deserving refugees -- Christian charity as the last line of defense for migrants in Ventimiglia -- Proclaiming and practicing pro-immigration values in Poland -- Concluding thoughts 330 $a"This book explores how the rising numbers of refugees entering Europe from 2015 onwards played into fears of cultural, religious, and ethnic differences across the continent. The migrant, or refugee crisis, prompted fierce debate about European norms and values, with some commentators questioning whether mostly Muslim refugees would be able to adhere to these values, and be able to integrate into a predominantly Christian European society. In this volume, philosophers, legal scholars, anthropologists and sociologists, analyze some of these debates and discuss practical strategies to reconcile the values that underpin the European project with multiculturalism and religious pluralism, whilst at the same time safeguarding the rights of refugees to seek asylum. Country case studies in the book are drawn from France, Germany, Greece, Hungary, Italy, Netherlands, Poland, Spain, Sweden, and the United Kingdom; representing states with long histories of immigration, countries with a more recent refugee arrivals, and countries that want to keep refugees at bay and refuse to admit even the smallest number of asylum seekers. Contributors in the book explore the roles which national and local governments, civil society, and community leaders play in these debates and practices, and ask what strategies are being used to educate refugees about European values, and to facilitate their integration. At a time when debates on refugees and European norms continue to rage, this book provides an important interdisciplinary analysis which will be of interest to European policy makers, and researchers across the fields of migration, law, philosophy, anthropology, sociology, and political science"--$cProvided by publisher. 410 0$aRoutledge Studies in Development, Mobilities and Migration Series 606 $aImmigrants$zEurope$xSocial conditions 606 $aMinorities$zEurope$xSocial conditions 606 $aEuropeans$xCultural assimilation$zForeign countries 606 $aImmigrants$xCultural assimilation 606 $aSOCIAL SCIENCE / Emigration & Immigration$2bisacsh 607 $aEurope$xEmigration and immigration$xGovernment policy 607 $aEurope$xEthnic relations 615 0$aImmigrants$xSocial conditions. 615 0$aMinorities$xSocial conditions. 615 0$aEuropeans$xCultural assimilation 615 0$aImmigrants$xCultural assimilation. 615 7$aSOCIAL SCIENCE / Emigration & Immigration 676 $a305.9/06914094 702 $aGoz?dziak$b Elz?bieta M.$f1954- 702 $aMain$b Izabella 702 $aSuter$b Brigitte 801 0$bOCoLC-P 801 1$bOCoLC-P 906 $aBOOK 912 $a9910737282503321 996 $aEurope and the refugee response$93553297 997 $aUNINA